Robot technology

Bibliographic Details
Corporate Author: Coiffet, Philippe (Author)
Format: Book
Published: London : Englewood Cliffs, N.J. : Kogan page ; Prentice Hall , c1983.
Subjects:

MARC

LEADER 00000cam a2200000 7i4500
001 0000000624
005 20021118093000.0
008 021118n
020 |a 0137820941 ,   |c (v.1) 
090 0 0 |a TJ211   |b .C6213 1983 (j1) 
110 0 |a Coiffet, Philippe   |e author 
245 0 0 |a Robot technology   |c Philippe Coiffet 
260 2 |a London :   |b Kogan page ;   |a Englewood Cliffs, N.J. :   |b Prentice Hall ,   |c c1983. 
500 |a Contents: v.1 Modelling and control 
500 |a Translation of : Les Robots. 
650 0 |a Automata 
650 0 |a Robots, Industrial 
999 |a 1000052580   |b Book   |c Reference   |e Gong Badak Campus